| 000 | 01411nam a2200349 a 4500 | ||
|---|---|---|---|
| 001 | ebr10360194 | ||
| 003 | CaPaEBR | ||
| 006 | m u | ||
| 007 | cr cn||||||||| | ||
| 008 | 080707s2008 ilua sb 001 0beng | ||
| 010 | _z 2008028664 | ||
| 020 | _z9780226317762 (cloth : alk. paper) | ||
| 020 | _z0226317765 (cloth : alk. paper) | ||
| 040 |
_aCaPaEBR _cCaPaEBR |
||
| 035 | _a(OCoLC)662453003 | ||
| 043 | _an-us--- | ||
| 050 | 1 | 4 |
_aE185.97.L79 _bH37 2008eb |
| 082 | 0 | 4 |
_a191 _222 |
| 100 | 1 |
_aHarris, Leonard, _d1948- |
|
| 245 | 1 | 0 |
_aAlain L. Locke _h[electronic resource] : _bbiography of a philosopher / _cLeonard Harris & Charles Molesworth. |
| 260 |
_aChicago : _bUniversity of Chicago Press, _c2008. |
||
| 300 |
_axiii, 432 p. : _bill. |
||
| 504 | _aIncludes bibliographical references (p. [391]-417) and index. | ||
| 533 |
_aElectronic reproduction. _bPalo Alto, Calif. : _cebrary, _d2013. _nAvailable via World Wide Web. _nAccess may be limited to ebrary affiliated libraries. |
||
| 600 | 1 | 0 |
_aLocke, Alain, _d1885-1954. |
| 650 | 0 |
_aAfrican American philosophers _vBiography. |
|
| 650 | 0 |
_aAfrican American intellectuals _vBiography. |
|
| 655 | 7 |
_aElectronic books. _2local |
|
| 700 | 1 |
_aMolesworth, Charles, _d1941- |
|
| 710 | 2 | _aebrary, Inc. | |
| 856 | 4 | 0 |
_uhttp://site.ebrary.com/lib/rucke/Doc?id=10360194 _zAn electronic book accessible through the World Wide Web; click to view |
| 999 |
_c208254 _d208254 |
||